00666 2200241 4500001002100000005001500021035002000036007000300056008004100059020002200100082000800122084001400130100002000144245007200164260004500236300003100281650001600312500004100328700002100369990001000390990001200400990001200412INLIS00000000000524420200204123317 a0010-0120000329ta200204 a 1 ind  a978-602-03-1450-1 a813 a813 SAR b0 aSARI, Peltoniem1 aBerburu Telur Giok /cSari Peltoniemi; alih bahasa, Harriska Adiati aJakarta :bGramedia pustaka Utama,c2015 a27 hlm. :bilus. ;c29 cm. 4aCERITA ANAK aJudul asli : Hunters of the Jade Egg0 aHARRISKA, Adiati a15439 a15439 A a15439 B